| 000 | 01147nam a2200289Ia 4500 | ||
|---|---|---|---|
| 003 | OSt | ||
| 005 | 20210204115236.0 | ||
| 008 | 191128s1980 mx fr 000 0 spa d | ||
| 020 | _a9682303273 | ||
| 040 |
_aCO-JMCR _cCO-JMCR |
||
| 041 | 1 |
_aspa _hfre |
|
| 082 | 0 | 4 |
_a320 / _bP874p _221 |
| 100 | 1 |
_aPoulantzas, Nicos, _eautor _91746 |
|
| 245 | 1 | 0 |
_aPoder político y clases sociales en el estado capitalista / _cNicos Poulantzas ; traductor Florentino M. Torner |
| 250 | _aDecimonovena edición | ||
| 260 |
_aMéxico : _bSiglo XXI, _c1980 |
||
| 300 |
_a471 páginas ; _c17 cm |
||
| 490 | 0 | _aSociología y política | |
| 500 | _aTítulo original. Pouvoir politique et classes sociales de l'etat capitaliste. | ||
| 505 | 0 | _aCuestiones generales -- El estado capitalista -- Los rasgos fundamentales del estado capitalista -- La unidad del poder y la autonomía relativa del estado capitalista -- Sobre la burocracia y las élites | |
| 546 | _aTraducido del francés | ||
| 650 | 1 |
_aPoder _91747 |
|
| 650 | 1 |
_aClases sociales _91748 |
|
| 650 | 1 |
_aBurocracia _91749 |
|
| 700 | 1 |
_aTorner, Florentino M., _etraductor _91750 |
|
| 942 |
_2ddc _cBK |
||
| 999 |
_c5695 _d5695 |
||